000 004250000a22001690004500
003 MACL
005 20160109122336.0
008 160109b xxu||||| |||| 00| 0 eng d
040 _aMACL
_cMACL
041 _aEnglish
082 _a911.954/MAJ
100 _aMunshi, K M
_930253
245 _aThe Delhi Sultanate
260 _bBharatiya Vidya Bhavan
_c1960
_aBombay
650 _aHistory
_930254
942 _cBK
_k911.954/MAJ
_2ddc
999 _c35719
_d35719